Elements 41-80 Symbol to Element - Statistics

General Stats
  • This quiz has been taken 34 times
  • The average score is 34 of 40
Answer Stats
Symbol # Element % Correct
Ba 56 Barium
100%
Cs 55 Cesium
100%
Au 79 Gold
100%
Ho 67 Holmium
100%
In 49 Indium
100%
I 53 Iodine
100%
La 57 Lanthanum
100%
Ag 47 Silver
100%
Sn 50 Tin
100%
W 74 Tungsten
100%
Xe 54 Xenon
100%
Cd 48 Cadmium
83%
Ce 58 Cerium
83%
Dy 66 Dysprosium
83%
Eu 63 Europium
83%
Gd 64 Gadolinium
83%
Hf 72 Hafnium
83%
Hg 80 Mercury
83%
Mo 42 Molybdenum
83%
Nd 60 Neodymium
83%
Nb 41 Niobium
83%
Os 76 Osmium
83%
Pd 46 Palladium
83%
Pr 59 Praseodymium
83%
Re 75 Rhenium
83%
Rh 45 Rhodium
83%
Ru 44 Ruthenium
83%
Sm 62 Samarium
83%
Ta 73 Tantalum
83%
Tc 43 Technetium
83%
Te 52 Tellurium
83%
Tb 65 Terbium
83%
Yb 70 Ytterbium
83%
Sb 51 Antimony
67%
Er 68 Erbium
67%
Lu 71 Lutetium
67%
Pt 78 Platinum
67%
Pm 61 Promethium
67%
Tm 69 Thulium
67%
Ir 77 Iridium
33%
No matching quizzes found
Score Distribution
Percent of People with Each Score
Percentile by Number Answered
Your Score History
You have not taken this quiz